00937nam a22002417a 450000500170000001000130001702000100003003500130004003700160005304000120006908200170008110000290009824501300012726000260025727000530028330000250033650000410036165000270040265000170042994200260044699900190047295202040049120170124110145.0 aA-704235 c00.00 aA-704235 bCen Lib/Ret aDPLbEN a617.564bBAT aBatmanghelidj, F.925816 aHow to deal simply with back pain and rheumatoid joint pain :cby F. Batmanghelidjba preventive and self- treatment manual / bRupaaNew Delhic1991 bNew Delhia7/16, Ansari Road, Darya Ganje110002 axii,100p. c22cm(Hb) aIncludes bibliographical references  aBack--Diseases 933223 aPain 933224 2ddccENh617.564mBAT c131924d131924 04104070aLbLd2015-07-16eCen Lib/Retg0.00l1m1o617.564 BATpA-704235r2019-06-01 00:00:00s2019-04-22t1v0.00w2015-07-16yENzWritten off on approval by DLB (By Circulation); dtd 15-06-2023